| 000 | 00439nam a2200181Ia 4500 | ||
|---|---|---|---|
| 001 | 19694 | ||
| 005 | 20260306172711.0 | ||
| 008 | 260306t1973||||xx |||||||||||||| ||spa|| | ||
| 041 | _aESP | ||
| 082 |
_a341 _bD75 |
||
| 100 |
_aDíez Picazo, Luis _eAUT |
||
| 245 | 0 | _aExperiencias jurídicas y teoría del derecho | |
| 260 | _c1973 | ||
| 300 |
_a327 páginas : _c18 cm. |
||
| 650 | _aGEN | ||
| 654 | _aCDE | ||
| 942 |
_cLIB _dJUS _fJUS _2ddc _n |
||
| 999 |
_c19694 _d19694 |
||